000 00269nam a2200121Ia 4500
008 191201s2006 xx 000 0 und d
100 _aFOLK, Michael
245 0 _aFile Structures
260 _bPearson
_c2006
300 _a744
650 _aB.Tech(IT)
942 _2ddc
_cBK
999 _c6896
_d6896